Top 10- Most Isolated Countries - Statistics

General Stats
  • This quiz has been taken 212 times
  • The average score is 5 of 10
Answer Stats
Rank Country % Correct
1 North Korea
91%
2 Somalia
59%
6 Demo. Rep. Of The Congo
49%
3 Burma
46%
7 Niger
40%
5 Burundi
39%
8 Timor-Leste
39%
4 Madagascar
33%
9 Guinea-Bissau
32%
10 Papua New Guinea
31%
No matching quizzes found
Score Distribution
Percent of People with Each Score
Percentile by Number Answered
Your Score History
You have not taken this quiz